Industrial organisation : an analysis of competing markets (Record no. 2716)

MARC details
000 -LEADER
fixed length control field 00829nam a22001577a 4500
020 ## - INTERNATIONAL STANDARD BOOK NUMBER
ISBN 0273646206
020 ## - INTERNATIONAL STANDARD BOOK NUMBER
ISBN 9780273646204
050 ## - CALL NUMBER
Classification number HD2326
Item number .53
100 ## - AUTHOR
Personal name John Lipczynski;
245 ## - TITLE
Title Industrial organisation : an analysis of competing markets
Statement of responsibility, etc John Lipczynski; John Wilson
260 ## - PUBLICATION INFORMATION
Place of publication Harlow, England ; New York :
Name of publisher Financial Times Prentice Hall,
Year of publication 2001.
300 ## - DESCRIPTION
Number of Pages xii, 477 pages :
Other physical details illustrations ;
Dimensions 25 cm
500 ## - NOTES
General note Includes index.<br/><br/>
505 ## - FORMATTED CONTENTS NOTE
Table of Content Industrial organization : an introduction. --<br/>Oligopoly. --<br/>Collusion. --<br/>Concentration. --<br/>Barriers to entry. --<br/>Market structure and profitability : a review of the empirical evidence. --<br/>Advertising. --<br/>Innovation. --<br/>Vertical relationships. --<br/>Diversification. --<br/>Competition policy. --<br/>Privatisation and regulation.
942 ## - ADDED ENTRY ELEMENTS (KOHA)
Koha item type Books
Holdings
Withdrawn status Lost status Collection code Home library Current library Shelving location Date acquired Full call number Accession Number Copy number Koha item type
    Reference Methodist University Library Main Methodist University Library Main General Stacks   HD2326 .53 20813 1 Books
Copyright © 2026  MUG Library